000 03249nam a22002537a 4500
005 20240305165510.0
007 cr|||| ||||
008 180720s2018 br |||||s|||| 00||0 por d
020 _a978-85-361-9593-3
035 _a21904
040 _avLex
090 _c8074
_d8074
100 1 _aMáximo Teodoro, Maria Cecília
245 1 1 _aO Princípio da Adequação Setorial Negociada no Direito do Trabalho
_h[Recurso electrónico] /
_cMaria Cecília Máximo Teodoro
256 _aServicio en línea
260 _aSan Pablo:
_bLTR,
_c2018
300 _a1 recurso electrónico
500 _aEm tempos de reforma trabalhista, o retorno aos institutos, fundamentos e princípios que constituem o Direito do Trabalho e lhe dão sistematicidade e coerência é crucial. A relação entre as normas coletivamente pactuadas com as regras e princípios positivados no ordenamento jurídico estatal é um dos temas candentes que merecem reflexão e aprofundamento. Compreender a negociação coletiva de trabalho como um processo imerso na dialética dos conflitos, com seus avanços, recuos, medidas de conflito e procedimentos de equacionamento é tão importante quanto examinar os instrumentos jurídicos dela resultantes: os acordos e as convenções coletivas. E é exatamente sobre os objetivos e os limites das normas coletivas de trabalho que esta obra trata. Maria Cecília Máximo Teodoro é respeitada professora de Direito do Trabalho, advogada trabalhista, doutora e mestre em Direito. Em seu labor no magistério jurídico, ela desperta vocações, espraia conhecimentos e agrega reflexões em torno do trabalho humano, de sua apropriação no modo capitalista de produção e do Direito que suporta e dá suporte às relações laborais decorrentes. No grupo de pesquisa Retrabalhando o Direito – RED, da PUC-Minas, vinculado à Rede Nacional de Grupos de Pesquisa e Extensão em Direito do Trabalho e da Seguridade Social – Renapedts, discute e aprofunda questões candentes para o Direito do Trabalho. Com sua produção, oferece à sociedade e à comunidade profissional elementos para uma maior inteligibilidade do fenômeno jurídico. No livro que o leitor tem em mãos, a autora apresenta com percuciência, clareza e competência sua leitura sobre as funções de adequação setorial que a negociação coletiva adquire no Brasil, em trabalho oriundo de sua dissertação de mestrado. Atualizada com as substanciais mudanças promovidas pela Lei n. 13.467 de 2017, a segunda edição chega às livrarias quando mais se exige compreensão e crítica sobre os mecanismos de integração das normas coletivas autônomas aos sistemas de fontes heterônomas do Direito do Trabalho. Uma necessária leitura!
506 1 _aDisponible solo en los productos indicados
_dvLex Global
_dvLex Global (Academic Edition, excluding Law Schools)
_dvLex Global (U.S. Academic Edition, Law Schools)
_dvLex Global (U.S. Academic Edition, excluding Law Schools)
_dvLex Global (Academic Edition, Law Schools)
650 0 4 _aDerecho Laboral y Seguridad Social
_zBrasil
740 0 _avLex Libros (Servicio en línea)
856 4 0 _uhttps://app.vlex.com/#/sources/principio-da-adequa-o-setorial-negociada-no-direito-do-trabalho-21904
942 _cRAA
999 _c166311
_d166311